00357nam a2200145Ia 450000500170000000800410001704100120005808200160007010000310008624500150011725000080013226000290014050000080016965000340017720240823025602.0240823s9999||||xx |||||||||||||| ||und|| aENGLISH A662.6609 P8 aGadpalli Ravi Kiran Sastry 0aBio-Diesel a1st c2008bReadworthy publica aYES aBio-dieselbBio Medical Engg.